00729nam a2200229 a 450000100060000000300080000600500170001400800410003102000200007202000220009203500190011404000270013304100080016008200280016810000180019624500630021426000730027730000320035050400660038265000330044870000180048158555BD-RjUL20211209080632.0920610s1993 enka b 001 0 eng  a052136566X (hb) a0521367581 (pbk.) a(BD-RjUL)58679 aDLCcDLCdBD-RjULbeng aeng00a338.10285223bPOD 19931 aPoate, Derek.10aData for agrarian development /cC.D. Poate & P.F. Daplyn. aCambridge ;aNew York, NY, USA :bCambridge University Press,c1993. ax, 387 p. :bill. ;c24 cm. aIncludes bibliographical references (p. [368]-370) and index. 0aAgriculturexData Processing1 aDaplyn, P. F.